Central Library OPAC University of Rajshahi

গীতিকা : স্বরূপ ও বৈশিষ্ট্য / (Record no. 48082)

MARC details
000 -LEADER
fixed length control field 01026nam a22002537a 4500
001 - CONTROL NUMBER
control field 48082
003 - CONTROL NUMBER IDENTIFIER
rucl marc code BD-RjUL
005 - DATE AND TIME OF LATEST TRANSACTION
control field 20211209054445.0
008 - FIXED-LENGTH DATA ELEMENTS--GENERAL INFORMATION
fixed length control field 160811s2003 ii ||||| b||| 00| 0 ben d
020 ## - INTERNATIONAL STANDARD BOOK NUMBER
International Standard Book Number 8185471169
Terms of availability : TK 250.00
035 ## - SYSTEM CONTROL NUMBER
System control number (BD-RjUL)48201
040 ## - CATALOGING SOURCE
Original cataloging agency BD-RjUL
Language of cataloging ben
Transcribing agency BD-RjUL
041 ## - LANGUAGE CODE
Language code of text/sound track or separate title ben
082 ## - DEWEY DECIMAL CLASSIFICATION NUMBER
Edition number 23
Classification number 891.44109
Author mark and year CHG 2003
100 1# - MAIN ENTRY--PERSONAL NAME
Personal name চক্রবর্তী, বরুণকুমার
9 (RLIN) 145760
245 10 - TITLE STATEMENT
Title গীতিকা : স্বরূপ ও বৈশিষ্ট্য /
Statement of responsibility, etc. বরুণকুমার চক্রবর্তী
250 ## - EDITION STATEMENT
Edition statement ২য় সং.
260 ## - PUBLICATION, DISTRIBUTION, ETC. (IMPRINT)
Place of publication, distribution, etc. কলকাতা :
Name of publisher, distributor, etc. পুস্তক বিপণি,
Date of publication, distribution, etc. ২০০৩.
300 ## - PHYSICAL DESCRIPTION
Pagination ৫৩৩ পৃ. ;
Size ২০ সেমি.
Illustrations
504 ## - BIBLIOGRAPHY, ETC. NOTE
Bibliography, etc সংযুক্ত গ্রন্থপুঞ্জি
650 ## - SUBJECT ADDED ENTRY--TOPICAL TERM
Topical term or geographic name as entry element বাংলা কবিতা
Form subdivision ইতিহাস ও সমালোচনা
9 (RLIN) 145761
Topical term or geographic name as entry element Bengali Poetry
Form subdivision History and criticism
9 (RLIN) 145762
942 ## - ADDED ENTRY ELEMENTS (KOHA)
Source of classification or shelving scheme Dewey Decimal Classification
Koha item type Books
Holdings
Lost status Source of classification or shelving scheme Damaged status Not for loan Collection code Permanent Location Current Location Shelving location Date acquired Source of acquisition Cost, normal purchase price Total Checkouts Full call number Date last seen Date checked out Copy number Koha item type Checked out
  Dewey Decimal Classification     Non-fiction Central Library, University of Rajshahi Central Library, University of Rajshahi   16/01/2008 ঢাকা, প্যারাগন ইন্টারপ্রাইজ 250.00 5 B 891.44109 CHG 2003 19/04/2026 02/04/2026 C-2 Books  
  Dewey Decimal Classification     Non-fiction Central Library, University of Rajshahi Central Library, University of Rajshahi   16/01/2008 ঢাকা, প্যারাগন ইন্টারপ্রাইজ 250.00 2 B 891.44109 CHG 2003 23/04/2026 05/04/2026 C-3 Books  
  Dewey Decimal Classification     Non-fiction Central Library, University of Rajshahi Central Library, University of Rajshahi   20/02/2008 ঢাকা, প্যারাগন ইন্টারপ্রাইজ 250.00 4 B 891.44109 CHG 2003 18/05/2026 18/05/2026 C-4 Books 08/06/2026
  Dewey Decimal Classification     Non-fiction Central Library, University of Rajshahi Central Library, University of Rajshahi   16/01/2008 ঢাকা, প্যারাগন ইন্টারপ্রাইজ 250.00 4 B 891.44109 CHG 2003 18/05/2026 18/05/2026 C-5 Books 08/06/2026
  Dewey Decimal Classification     Non-fiction Central Library, University of Rajshahi Central Library, University of Rajshahi   16/01/2008 ঢাকা, প্যারাগন ইন্টারপ্রাইজ 250.00   B 891.44109 CHG 2003 11/08/2016   C-6 Books